প্রপঞ্চময় প্রলোক-১ / (Record no. 71053)
[ view plain ]
| 000 -LEADER | |
|---|---|
| fixed length control field | 01110nam a2200253 a 4500 |
| 001 - CONTROL NUMBER | |
| control field | 71053 |
| 003 - CONTROL NUMBER IDENTIFIER | |
| rucl marc code | BD-RjUL |
| 005 - DATE AND TIME OF LATEST TRANSACTION | |
| control field | 20211209082055.0 |
| 008 - FIXED-LENGTH DATA ELEMENTS--GENERAL INFORMATION | |
| fixed length control field | 170424s1996 bg ||||| |||| 00| p ben d |
| 020 ## - INTERNATIONAL STANDARD BOOK NUMBER | |
| International Standard Book Number | 9845690211 |
| Terms of availability | : Tk.80.00 |
| 035 ## - SYSTEM CONTROL NUMBER | |
| System control number | (BD-RjUL)71267 |
| 040 ## - CATALOGING SOURCE | |
| Original cataloging agency | BD-RjUL |
| Language of cataloging | ben |
| Transcribing agency | BD-RjUL |
| Modifying agency | BD-RjUL |
| 041 ## - LANGUAGE CODE | |
| Language code of text/sound track or separate title | ben |
| 082 ## - DEWEY DECIMAL CLASSIFICATION NUMBER | |
| Edition number | 23 |
| Classification number | 891.441 |
| Author mark and year | AHP 1996 |
| 100 1# - MAIN ENTRY--PERSONAL NAME | |
| Personal name | আহমেদ, এ. এইচ. এম. |
| 9 (RLIN) | 147937 |
| 245 10 - TITLE STATEMENT | |
| Title | প্রপঞ্চময় প্রলোক-১ / |
| Statement of responsibility, etc. | এ. এইচ. এম. আহমেদ; সম্পদনা: হাসান সরওয়ার, তানভীর মাহমুদ রিয়াদ |
| 260 ## - PUBLICATION, DISTRIBUTION, ETC. (IMPRINT) | |
| Place of publication, distribution, etc. | ঢাকা : |
| Name of publisher, distributor, etc. | আজকাল প্রকাশনী, |
| Date of publication, distribution, etc. | ১৯৯৬. |
| 300 ## - PHYSICAL DESCRIPTION | |
| Pagination | ৮০ পৃ. ; |
| Size | ২১ সেমি. |
| 650 ## - SUBJECT ADDED ENTRY--TOPICAL TERM | |
| Topical term or geographic name as entry element | বাংলা কবিতা |
| 9 (RLIN) | 147938 |
| Topical term or geographic name as entry element | Bengali Poetry. |
| 9 (RLIN) | 147939 |
| 700 ## - ADDED ENTRY--PERSONAL NAME | |
| Personal name | সরওয়ার, হাসান: সম্পদনা |
| Personal name | রিয়াদ, তানভীর মাহমুদ : সম্পদনা |
| 942 ## - ADDED ENTRY ELEMENTS (KOHA) | |
| Source of classification or shelving scheme | Dewey Decimal Classification |
| Koha item type | Books |
| Lost status | Source of classification or shelving scheme | Damaged status | Not for loan | Collection code | Permanent Location | Current Location | Shelving location | Date acquired | Source of acquisition | Cost, normal purchase price | Total Checkouts | Full call number | Date last seen | Copy number | Koha item type |
|---|---|---|---|---|---|---|---|---|---|---|---|---|---|---|---|
| Dewey Decimal Classification | Not For Loan | Non-fiction | Central Library, University of Rajshahi | Central Library, University of Rajshahi | Reading Room | 15/10/2003 | N/A | 0.00 | B 891.441 AHP 1996 | 24/04/2017 | C-1 | Books |